000
00297nam a22001217a 4500
020
_a
NA
082
_2
22
_a
160
100
_a
Copi Leving M.
245
_a
Introduction to logic /
260
_a
Macmill An publishing,
_b
Macmill An publishing,
_c
c1978
300
_a
590 p,;
_b
NA
_c
24cm.
942
_2
ddc
_c
IT
999
_c
2334
_d
2334